Zpracování závěrečných prací v oblasti automatizace a informatiky

Enregistré dans:
Détails bibliographiques
Autres auteurs: Farana, Radim (1965)
Format: Livre
Langue:tchèque
Publié: Ostrava Vysoká škola baňská - Technická univerzita Ostrava 2004
Édition:1. vyd.
Sujets:
Accès en ligne:Voir à l'OPAC
Tags: Ajouter un tag
Pas de tags, Soyez le premier à ajouter un tag!

MARC

LEADER 00000nam a2200000 a 4500
005 20260127134213.0
008 070516 2004 xr 000 0 cze d
020 |a 802480557X 
035 |a vtls008989501 
039 9 |a 200902020923  |b csnk05  |c 200902020923  |d csnk05  |y 200705161006  |z mschk03 
040 |a STUSCHK1  |b slo  |c STUSCHK1  |e AACR2 
080 |a (072) 
080 |a (038)81 
080 |a 681.5 
080 |a 007+004 
080 |a 371.279.8 
080 |a 811.111 
080 |a 811.162.3 
080 |a 81´373.46 
245 1 0 |a Zpracování závěrečných prací v oblasti automatizace a informatiky  |c Radim Farana ...[et al.] 
250 |a 1. vyd. 
260 |a Ostrava  |b Vysoká škola baňská - Technická univerzita Ostrava  |c 2004 
300 |a 114 s : il. ; 21 cm 
650 0 7 |a odborná terminológia  |2 SNKPH 
650 0 7 |a automatizačná technika  |2 SNKPH 
650 0 7 |a informatika  |2 SNKPH 
650 0 7 |a záverečné práce  |2 SNKPH 
650 0 7 |a angličtina  |2 SNKPH 
650 0 7 |a čeština  |2 SNKPH 
700 1 |a Farana, Radim,  |4 1965 
910 |a SCHK95 
919 |a 80-248-0557-X 
999 |c 6597  |d 6597